[Event "Athens Siaperas Memorial 3rd"]
[Site "Athens"]
[Date "2007.02.17"]
[Round "3"]
[White "Nikomanis, Andreas"]
[Black "Kalpakas, Georgios"]
[Result "1-0"]
[WhiteElo "1956"]
[BlackElo "2109"]
[PlyCount "55"]
[EventDate "2007.02.10"]
[EventType "swiss"]
[EventRounds "7"]
[EventCountry "GRE"]
[SourceTitle "EXT 2008"]
[Source "ChessBase"]
[SourceDate "2007.11.25"]
[SourceVersion "1"]
[SourceVersionDate "2007.11.25"]
[SourceQuality "1"]

1. e4 c6 2. c4 d5 3. cxd5 cxd5 4. exd5 Nf6 5. Nc3 g6 6. Nf3 Bg7 7. Bc4 0-0 8. 0-0 Nbd7 9. d3 Nb6 10. Qb3 Bg4 11. Ne5 Bf5 12. Re1 Rc8 13. Bf4 Nh5 14. Bd2 Qc7 15. d6 exd6 16. Nb5 Qb8 17. Nxf7 Nxc4 18. Nfxd6 a6 19. Nxc8 axb5 20. Ne7+ Kh8 21. dxc4 Qd6 22. Bb4 Qd8 23. Rad1 Qb8 24. Bd6 Qd8 25. Qxb5 Bg4 26. f3 Bd7 27. Qxb7 Be8 28. Bc7 1-0

[Event "Athens Siaperas Memorial 3rd"]
[Site "Athens"]
[Date "2007.02.14"]
[Round "2"]
[White "Kalpakas, Georgios"]
[Black "Syfantos, Nikolaos"]
[Result "1-0"]
[WhiteElo "2109"]
[BlackElo "1860"]
[PlyCount "171"]
[EventDate "2007.02.10"]
[EventType "swiss"]
[EventRounds "7"]
[EventCountry "GRE"]
[SourceTitle "EXT 2008"]
[Source "ChessBase"]
[SourceDate "2007.11.25"]
[SourceVersion "1"]
[SourceVersionDate "2007.11.25"]
[SourceQuality "1"]

1. d4 d6 2. e4 Nf6 3. Nc3 e5 4. Nf3 Nbd7 5. Bc4 Be7 6. Qe2 c6 7. g4 exd4 8. Nxd4 Nb6 9. Nf5 Bxf5 10. exf5 Nxc4 11. Qxc4 d5 12. Qe2 d4 13. Ne4 Qa5+ 14. Bd2 Qe5 15. Nxf6+ Bxf6 16. Qxe5+ Bxe5 17. 0-0-0 0-0-0 18. Rde1 Rhe8 19. Bg5 f6 20. Bh4 Bc7 21. Bg3 Ba5 22. Rxe8 Rxe8 23. a3 c5 24. Bd6 c4 25. Bc5 Bb6 26. Bxb6 axb6 27. Kd2 b5 28. b3 Kc7 29. bxc4 bxc4 30. Rb1 Re5 31. Rb4 Rc5 32. Ke2 b5 33. Kf3 Kc6 34. Ke4 Rd5 35. a4 d3 36. cxd3 cxd3 37. axb5+ Kc5 38. Rb1 d2 39. Rd1 Re5+ 40. Kf3 Rd5 41. Ke4 Rd4+ 42. Ke3 Rxg4 43. Rxd2 Kxb5 44. f4 Rg1 45. Kf2 Rh1 46. Kg2 Re1 47. Rd7 Re2+ 48. Kg3 Re3+ 49. Kf2 Rh3 50. Kg2 Rh5 51. Rxg7 Kc5 52. Kg3 Kd5 53. h4 Ke4 54. Kg4 Rh6 55. h5 Kd5 56. Ra7 Kd6 57. Ra5 Ke7 58. Ra6 Kf8 59. Ra1 Kf7 60. Re1 Kf8 61. Rh1 Kf7 62. Kf3 Ke7 63. Ke4 Ke8 64. Kd5 Kd7 65. Rh2 Kd8 66. Ke6 Ke8 67. Rh1 Kf8 68. Kd7 Kf7 69. Kd8 Kf8 70. Kd7 Kf7 71. Kd6 Kf8 72. Ke6 Ke8 73. Ra1 Kf8 74. Rh1 Ke8 75. Rh3 Kf8 76. Ra3 Rxh5 77. Ra8+ Kg7 78. Ra7+ Kf8 79. Rf7+ Kg8 80. Rxf6 Rh4 81. Ke7 Rxf4 82. Rf8+ Kg7 83. f6+ Kg6 84. Rg8+ Kf5 85. f7 Re4+ 86. Kd6 1-0

[Event "Athens Siaperas Memorial 3rd"]
[Site "Athens"]
[Date "2007.02.12"]
[Round "1"]
[White "Fahouri, Nidal"]
[Black "Kalpakas, Georgios"]
[Result "0-1"]
[WhiteElo "1570"]
[BlackElo "2109"]
[PlyCount "30"]
[EventDate "2007.02.10"]
[EventType "swiss"]
[EventRounds "7"]
[EventCountry "GRE"]
[SourceTitle "EXT 2008"]
[Source "ChessBase"]
[SourceDate "2007.11.25"]
[SourceVersion "1"]
[SourceVersionDate "2007.11.25"]
[SourceQuality "1"]

1. e4 c6 2. d4 d5 3. Nd2 dxe4 4. Nxe4 Nd7 5. Nf3 Ngf6 6. Ng3 e6 7. Bd3 Qc7 8. Qe2 b6 9. Ne5 Bb7 10. f4 c5 11. Be3 Bd6 12. c3 Nd5 13. Bd2 cxd4 14. cxd4 Bb4 15. Rc1 Qxc1+ 0-1

[Event "Ambelokipi op 75th"]
[Site "Athens"]
[Date "2007.01.24"]
[Round "4"]
[White "Kalpakas, Georgios"]
[Black "Georgiopoulos, Haralambos"]
[Result "1-0"]
[WhiteElo "2109"]
[BlackElo "1938"]
[PlyCount "53"]
[EventDate "2007.01.13"]
[EventType "swiss"]
[EventRounds "7"]
[EventCountry "GRE"]
[SourceTitle "CBM 116 Extra"]
[Source "ChessBase"]
[SourceDate "2007.03.07"]
[SourceVersion "1"]
[SourceVersionDate "2007.03.07"]
[SourceQuality "1"]

1. d4 e6 2. Nf3 f5 3. Bf4 Nf6 4. e3 d5 5. c4 Bb4+ 6. Nc3 0-0 7. Qb3 Nc6 8. Bd3 a5 9. 0-0 Nh5 10. cxd5 Nxf4 11. exf4 exd5 12. Nxd5 Kh8 13. Nxb4 axb4 14. Ne5 Qf6 15. Nxc6 bxc6 16. Qxb4 Be6 17. a4 Rfb8 18. Qc3 Bd5 19. b4 Qh4 20. g3 Qh3 21. f3 h5 22. Rf2 Bxf3 23. Rxf3 Qg4 24. Qxc6 Rf8 25. Re3 h4 26. Be2 Qh3 27. Qg6 1-0

[Event "Athens Smaok op 1th"]
[Site "Athens"]
[Date "2006.11.16"]
[Round "2"]
[White "Mihailidis, Anastasios"]
[Black "Kalpakas, Georgios"]
[Result "1-0"]
[WhiteElo "2278"]
[BlackElo "2104"]
[PlyCount "55"]
[EventDate "2006.11.10"]
[EventType "swiss"]
[EventRounds "6"]
[EventCountry "GRE"]
[SourceTitle "EXT 2024"]
[Source "ChessBase"]
[SourceDate "2023.10.10"]
[SourceVersion "1"]
[SourceVersionDate "2023.10.10"]
[SourceQuality "1"]

1. e4 c6 2. c4 d5 3. cxd5 cxd5 4. exd5 Nf6 5. Nc3 g6 6. Nf3 Bg7 7. Qb3 0-0 8. Bc4 Nbd7 9. 0-0 Nc5 10. Qa3 Nce4 11. Nxe4 Nxe4 12. Re1 Bf5 13. d3 Nd6 14. Bf4 Qb6 15. Be5 Bxe5 16. Rxe5 Qc7 17. Rae1 Nxc4 18. Qc3 Bxd3 19. Rxe7 Qc5 20. Qxd3 b5 21. b3 Nb6 22. d6 Nc8 23. Rd7 a5 24. Qd2 Qf5 25. Rb7 Ra6 26. d7 Nd6 27. Qh6 Qf6 28. Qxf8+ 1-0

[Event "Aegean op 29th"]
[Site "Aghios Kirykos"]
[Date "2006.07.16"]
[Round "6"]
[White "Tsanas, Athanasios"]
[Black "Kalpakas, Georgios"]
[Result "1-0"]
[WhiteElo "2286"]
[BlackElo "2074"]
[PlyCount "85"]
[EventDate "2006.07.12"]
[EventType "swiss"]
[EventRounds "9"]
[EventCountry "GRE"]
[SourceTitle "CBM 113 Extra"]
[Source "ChessBase"]
[SourceDate "2006.09.14"]
[SourceVersion "1"]
[SourceVersionDate "2006.09.14"]
[SourceQuality "1"]

1. c4 Nf6 2. g3 e5 3. Bg2 d5 4. cxd5 Nxd5 5. Nf3 Nc6 6. 0-0 Be7 7. d4 exd4 8. Nxd4 Nxd4 9. Qxd4 Nf6 10. Qa4+ c6 11. Nc3 0-0 12. e4 Be6 13. h3 Nd7 14. Rd1 Qb6 15. Qc2 Rad8 16. Be3 Qa5 17. Ne2 Ne5 18. Nd4 Bc8 19. f4 Ng6 20. Nf5 Rxd1+ 21. Rxd1 Bd8 22. Nd6 Bc7 23. Nxc8 Rxc8 24. a3 Rd8 25. Rxd8+ Bxd8 26. Qd2 Qxd2 27. Bxd2 f6 28. Bf1 b5 29. Be3 Bb6 30. Kf2 Kf8 31. Bxb6 axb6 32. Ke3 Ke7 33. Bd3 Kd6 34. h4 Nf8 35. g4 h6 36. Be2 Ne6 37. Bd1 g5 38. e5+ Ke7 39. exf6+ Kxf6 40. fxg5+ hxg5 41. h5 Ke5 42. Bb3 Nd4 43. h6 1-0

[Event "Heraclion op 10th"]
[Site "Athens"]
[Date "2006.06.18"]
[Round "9"]
[White "Kalpakas, Georgios"]
[Black "Stoumbos, Konstantinos"]
[Result "0-1"]
[WhiteElo "2009"]
[BlackElo "2139"]
[PlyCount "38"]
[EventDate "2006.06.10"]
[EventType "swiss"]
[EventRounds "9"]
[EventCountry "GRE"]
[SourceTitle "CBM 112 Extra"]
[Source "ChessBase"]
[SourceDate "2006.07.14"]
[SourceVersion "1"]
[SourceVersionDate "2006.07.14"]
[SourceQuality "1"]

1. d4 d5 2. c4 e5 3. e3 Be6 4. Nf3 Nc6 5. Nc3 Bb4 6. a3 Bxc3+ 7. bxc3 Nge7 8. Ng5 0-0 9. e4 exd4 10. cxd4 dxc4 11. Qh5 h6 12. Nxe6 fxe6 13. Bxc4 Qxd4 14. Bxe6+ Kh7 15. Ra2 Qxe4+ 16. Qe2 Qxg2 17. Rf1 Rad8 18. Be3 Qg6 19. Bb3 Qb1+ 0-1

[Event "Heraclion op 10th"]
[Site "Athens"]
[Date "2006.06.17"]
[Round "8"]
[White "Tassopoulos, Marios"]
[Black "Kalpakas, Georgios"]
[Result "1-0"]
[WhiteElo "2265"]
[BlackElo "2009"]
[PlyCount "81"]
[EventDate "2006.06.10"]
[EventType "swiss"]
[EventRounds "9"]
[EventCountry "GRE"]
[SourceTitle "CBM 112 Extra"]
[Source "ChessBase"]
[SourceDate "2006.07.14"]
[SourceVersion "1"]
[SourceVersionDate "2006.07.14"]
[SourceQuality "1"]

1. e4 c6 2. c4 d5 3. exd5 cxd5 4. cxd5 Nf6 5. Bb5+ Nbd7 6. Nc3 a6 7. Bxd7+ Qxd7 8. Nf3 Nxd5 9. 0-0 g6 10. Ne5 Qd6 11. Nc4 Qc6 12. Nxd5 Be6 13. Ndb6 Bxc4 14. Nxa8 Bxf1 15. Kxf1 Bg7 16. Qb3 Bd4 17. Qd5 Qa4 18. Nc7+ Kf8 19. b3 Qb4 20. a3 Qb6 21. Bb2 Bxb2 22. Qd8+ Kg7 23. Ne8+ Rxe8 24. Qxb6 Bxa1 25. Qxb7 Rd8 26. Qxa6 Rxd2 27. Qa5 Ra2 28. b4 Bd4 29. Qd5 Rxf2+ 30. Ke1 Rf4 31. g3 e6 32. Qc6 Rf5 33. a4 Re5+ 34. Kd1 Rd5 35. Kc2 h5 36. a5 Bg1 37. a6 Rd8 38. Qb7 Rd4 39. Kc3 e5 40. a7 Bxh2 41. Qg2 1-0

[Event "Aegean op 27th"]
[Site "Aghios Kirykos"]
[Date "2004.07.16"]
[Round "5"]
[White "Kalpakas, Georgios"]
[Black "Nikolaou, Georgios"]
[Result "0-1"]
[WhiteElo "1829"]
[BlackElo "2244"]
[PlyCount "64"]
[EventDate "2004.07.13"]
[EventType "swiss"]
[EventRounds "9"]
[EventCountry "GRE"]
[SourceTitle "CBM 101 Extra"]
[Source "ChessBase"]
[SourceDate "2004.09.01"]
[SourceVersion "2"]
[SourceVersionDate "2004.09.01"]
[SourceQuality "1"]

1. d4 Nf6 2. c4 g6 3. Nc3 Bg7 4. e4 d6 5. Bd3 0-0 6. Nf3 Na6 7. 0-0 e5 8. b3 c6 9. Bb2 Qe7 10. Re1 Nh5 11. Qd2 exd4 12. Ne2 c5 13. Nf4 Nxf4 14. Qxf4 Nb4 15. Bb1 Nc6 16. h4 Ne5 17. h5 Nxf3+ 18. gxf3 Be5 19. Qd2 Qh4 20. Kf1 Bf4 21. Qd3 Qxh5 22. Ke2 f5 23. Bc2 Re8 24. Rh1 fxe4 25. Qxe4 Rxe4+ 26. Bxe4 Qe5 27. Kd3 Bf5 28. Rae1 Re8 29. Rh4 Kg7 30. a3 Bg5 31. Rhh1 Qf4 32. Bc1 Qxf3+ 0-1